[Event "St Joao da Madeira op 10th"]
[Site "Sao Joao da Madeira"]
[Date "2013.10.06"]
[Round "3.29"]
[White "Gomes, Hugo Antonio Alexan"]
[Black "Dias, Carlos Vieira"]
[Result "1-0"]
[WhiteElo "1574"]
[BlackElo "1342"]
[PlyCount "23"]
[EventDate "2013.10.05"]
[EventType "swiss"]
[EventRounds "7"]
[EventCountry "POR"]
[SourceTitle "EXT 2015"]
[Source "ChessBase"]
[SourceDate "2014.11.20"]
[SourceVersion "1"]
[SourceVersionDate "2014.11.20"]
[SourceQuality "1"]

1. e4 e5 2. Nf3 Nc6 3. Bc4 Nf6 4. Ng5 d5 5. exd5 Nxd5 6. Nxf7 Kxf7 7. Qf3+ Ke6 8. Nc3 Ncb4 9. 0-0 Bd6 10. Nxd5 Nxd5 11. Bxd5+ Kd7 12. Qf5+ 1-0